Science in industry Coal / (Record no. 5734)
[ view plain ]
| 000 -LEADER | |
|---|---|
| fixed length control field | 00632nam a22002417a 4500 |
| 001 - CONTROL NUMBER | |
| JCCL Control Number | 5734 |
| 003 - CONTROL NUMBER IDENTIFIER | |
| JCCL marc code | BD-JhCC |
| 005 - DATE AND TIME OF LATEST TRANSACTION | |
| control field | 20180102181326.0 |
| 008 - FIXED-LENGTH DATA ELEMENTS--GENERAL INFORMATION | |
| fixed length control field | 171220s1964 -ukao||| |||| 00| 0 eng d |
| 035 ## - SYSTEM CONTROL NUMBER | |
| system control number | (BD-JhCC)5734 |
| 040 ## - CATALOGING SOURCE | |
| Original cataloging agency | BD-JhCC |
| Modifying agency | BD-JhCC |
| 041 ## - LANGUAGE CODE | |
| Language code of Book | eng |
| 082 ## - DEWEY DECIMAL CLASSIFICATION NUMBER | |
| Classification number | 622 |
| Author mark and Year | HUN 1964 |
| 100 ## - MAIN ENTRY--PERSONAL NAME | |
| Personal name | Hunter, Leslie |
| 245 ## - TITLE STATEMENT | |
| Title | Science in industry Coal / |
| Statement of responsibility, etc | Leslie Hunter |
| 260 ## - PUBLICATION, DISTRIBUTION, ETC. (IMPRINT) | |
| Place of publication, distribution, etc | London : |
| Name of publisher, distributor, etc | G Tinling & Co. Ltd. , |
| Date of publication, distribution, etc | 1964 . |
| 300 ## - PHYSICAL DESCRIPTION | |
| Pagination | 96 p. : |
| Other physical details | ill. ; |
| Dimensions | 21.5 cm |
| 490 ## - SERIES STATEMENT | |
| Series statement | Science In Industry |
| 504 ## - BIBLIOGRAPHY, ETC. NOTE | |
| Bibliography, etc | Includes Illustration. |
| 650 ## - SUBJECT ADDED ENTRY--TOPICAL TERM | |
| Topical term or geographic name as entry element | Coal Mines and Mining |
| 942 ## - ADDED ENTRY ELEMENTS (KOHA) | |
| Source of classification or shelving scheme | Dewey Decimal Classification |
| Koha item type | Books |
| Source of classification or shelving scheme | Damaged status | Not for loan | Home library | Current library | Shelving location | Date of accession | Total Checkouts | Full call number | Barcode | Date last seen | Copy number | Koha item type |
|---|---|---|---|---|---|---|---|---|---|---|---|---|
| Dewey Decimal Classification | JCC Rouf Library | JCC Rouf Library | General Stacks | 12/20/2017 | 622 HUN 1964 | 7835 | 12/20/2017 | C-1 | Books |